| 000 | 00879nam a2200265 a 4500 | ||
|---|---|---|---|
| 008 | 951121s1989||||[C 0 slo c | ||
| 020 |
_a8022200514 _c25 Kčs. _q(10000 výtl.) |
||
| 040 |
_aSNK _bslo _cSNK _eAACR2 |
||
| 041 | 1 |
_aslo _hslo |
|
| 044 |
_axo _cSK |
||
| 080 | _a885.4-1 | ||
| 080 | _a784.66 | ||
| 100 | 1 |
_aLasica, Milan _4aut |
|
| 245 | 1 | 0 |
_aPiesne o ničom _cMilan Lasica ; Tomáš Janovic, Peter Zajac, Dušan Polakovič, Ladislav Vančo |
| 250 | _a1., vyd. | ||
| 260 |
_aBratislava _bTatran _c1989 _eBanská Bystrica _fTlačiarne SNP |
||
| 300 |
_a152 s., 5,59 AH _c15 cm |
||
| 490 | 0 |
_aDarčeky _vZv. 44. |
|
| 500 | _a5. zv. radu Pieseň. Lit. 12. Rozlož. ilustr. tit. list. 12 zázn. v slov. | ||
| 700 | 1 |
_aJanovic, Tomáš _4[ADC] |
|
| 700 | 1 |
_aZajac, Peter _4[ADC] |
|
| 700 | 1 |
_aPolakovič, Dušan _4bkd |
|
| 700 | 1 |
_aVančo, Ladislav _4bkd |
|
| 958 | _aA | ||
| 999 |
_c15133 _d15133 |
||